| 000 | 00498cam a2200181Ia 4500 | ||
|---|---|---|---|
| 020 | _a0520021541 | ||
| 020 | _a9780520021549 | ||
| 040 | _cNPS | ||
| 082 | _a309 UNI 1998 A074 Or. | ||
| 100 | 1 | _aNakane, Chie, | |
| 245 | 1 | 0 | _aJapanese society / |
| 260 |
_aBerkeley, Calif. : _bUniversity of California Press, _c1998, c1970 |
||
| 300 |
_axi, 157 p. : _bill. ; _c22 cm |
||
| 500 | _aTranslation of Tateshakai no ningen kankei | ||
| 650 | 0 | _aSocial groups | |
| 650 | 0 | _aSocial values | |
| 942 | _cEK | ||
| 999 |
_c15182 _d15182 |
||